00501cam a2200181 a 4500020001500000020001800015020001500033020001800048040000800066082002600074100002100100245005000121300004500171490003700216650001700253650002300270650002600293 a0521265967 a9780521265966 a052143789X a9780521437899 cDLC00a330 UNI 1990 A076 Or.1 aLancaster, Tony,14aThe econometric analysis of transition data / axii, 352 pages :billustrations ;c24 cm1 aEconometric Society monographs ; 0aEconometrics 4a©œconom©♭trie 4aMod©·le statistique